00517nam a22001697a 450000500170000001000130001702000260003003500130005603700200006908200060008910000210009524500770011626000350019327000800022830000200030870000190032820190924162034.0 aB-730162 c199.00a9789383331833 aB-730162 bDuckbill Books  aN aUdasi, Harshikaa aKittu's very mad day /cby Harshikaa Udasi ; illustrated by Lavany Naidu bDuckbill Books aChennaic2019 bChennai aF2, Oyster Operaa, 35/36 Gangai Street Kalakshetra Colonye600090 a92p.c20cm(pbk) aNaidu, Lavany